000 00714nam a22002297i 4500
999 _c172466
_d172466
005 20190429161318.0
008 190429s2017 ii o|||g |||| 00| 0|tam d
020 _a9789836804884
_cRM13.50
_qpaperback
040 _aPPAK
_beng
_cPPAK
_erda
082 0 4 _a641.6357
_223
090 0 0 _a641.6357
_bILA
_dG
100 0 0 _aIlaṭcumi,
_eauthor
245 1 0 _aCir̲utān̲iya uṇavu vakaikaḷ /
_cIlaṭcumi
264 1 _aChennai, India :
_bMinerva Publications,
_c2017
300 _a132 pages :
_bphotographs (black and white) ;
_c18 cm
336 _2rdacontent
_atext
337 _2rdamedia
_aunmediated
338 _2rdacarrier
_avolume
650 1 0 _aCookery (Herbs)
650 2 0 _aCooking, Indian
942 _2ddc
_cB